| 000 | 00619nam a22001697a 4500 | ||
|---|---|---|---|
| 003 | OSt | ||
| 005 | 20220107122758.0 | ||
| 008 | 150401b xxu||||| |||| 00| 0 eng d | ||
| 040 | _c | ||
| 100 |
_aRinku Moni Devi (91713006) _96379 |
||
| 245 | _aStudy of extreme precipitation over Uttarakhand region during summer, 2013 | ||
| 502 |
_bMphil. Ecological Informatics _c2013 - 2014 _dINT _eJaishankar R Nair _fDimri A P (School of Environmental Sciences) _g"School of Environmental Sciences, New Delhi" |
||
| 650 |
_aMETEOROLOGICAL DISASTERS _96380 |
||
| 650 |
_aTOPOGRAPHY _96381 |
||
| 650 |
_aCLIMATE _96382 |
||
| 942 |
_2ddc _cPR |
||
| 999 |
_c4585 _d4585 |
||